Soviet Republics By Flag - Statistics

General Stats
  • This quiz has been taken 58 times
  • The average score is 8 of 15
Answer Stats
Picture Answer % Correct
Belarusian SSR
97%
Russian SFSR
72%
Estonian SSR
62%
Ukrainian SSR
62%
Georgian SSR
59%
Latvian SSR
59%
Moldovan SSR
59%
Tajik SSR
54%
Armenian SSR
49%
Lithuanian SSR
49%
Kyrgyz SSR
44%
Turkmen SSR
41%
Uzbek SSR
41%
Kazakh SSR
38%
Azerbaijani SSR
28%
No matching quizzes found
Score Distribution
Percent of People with Each Score
Percentile by Number Answered
Your Score History
You have not taken this quiz